000 00591nam a2200241 a 4500
001 nice12345678
003 IN_TiNIC
005 20260116011837.0
008 050524s1961 lona grp 000 0 eng
020 _a
_c987
082 0 0 _a220.9
_bBRA
100 _aBratton, F Gladstone
245 _aHistory of the Holy Bible.
260 _aLondon
_bRobert Hale Ltd
_c1961
300 _a287p
500 _aincludes index and biblioraphy
505 2 _aBibliography, Index
650 _aBible-History
700 1 _aBratton, F Gladstone
902 _bSRS
942 _cBK
999 _c4389
_d4389